000 00327nam a22001457a 4500
008 210519b ||||| |||| 00| 0 eng d
020 _a9780262033848
041 _aeng
080 _23rd
_a510
082 _a510
100 _a36
101 _aMAT
245 _aIntroduction to Algorithms
_cThomas H. Cormen
942 _2udc
_cBK
999 _c57481
_d57481